000 00759nam a2200241 i 4500
001 bg
100 1 _aMISZTAL, Mariusz.
245 1 0 _aTests in English :
_bthematic vocabulary : intermediate and advanced level /
_cMariusz Misztal.
250 _aWyd. 6.
260 _aWarszawa :
_bWydawnictwa Szkolne i Pedagogiczne,
_c[2004].
300 _a350, [1] s. :
_bil. ;
_c24 cm.
504 _aIndeks.
650 9 _aJęzyk angielski
_xsłownictwo
655 _aĆwiczenia i zadania
020 _a8302051802
040 _cBPK
041 0 _aeng
080 _a811.111'373(076)
920 _a83-02-05180-2
942 _cKS
008 s pl f |000 0 pol
999 _c45051
_d45051